00933 2200253 4500001002100000005001500021035002000036007000300056008004100059020001800100082001200118084001800130100002100148245005800169250001100227260003800238300003600276500029400312650001700606990001400623990001400637990001400651990001400665INLIS00000000000664420260519082901 a0010-0525000031ta260519 0 ind  a979-489-264-5 a636.514 a636.514 RAS b1 aRasyaf, Muhammad1 aBeternak Ayam Petelur Edisi Revisi /cMuhammad Rasyaf aCet.17 aJakarta :bPenebar Swadaya,c2003 aix + 217 hlm :bilus ;c20,5 cm aBuku ini merupakan pengembangan dari seri sebelumnya. pada edisi revisi ini dilakukan penambahan, pengurangan dan penyisipan maupun penggabungan bab. buku ini menekankan pembahasan mengenal beternak ayam ras komersial. serta pada bagian pengelolaan usaha telah disesuaikan denga topiknya. 4aAyam Petelur a3821/2025 a3821.2/23 a3821.3/23 a3821.4/23